BSOP header

"The day of the Lord" and related motifs as a motivation for Pauline paraenesis / (Record no. 19902)

MARC details
000 -LEADER
fixed length control field 00678nam a2200181 4500
008 - FIXED-LENGTH DATA ELEMENTS--GENERAL INFORMATION
fixed length control field 040421s1989 phi eng
090 ## - LOCALLY ASSIGNED LC-TYPE CALL NUMBER (OCLC); LOCAL CALL NUMBER (OCLC)
Classification number (OCLC) (R) ; Classification number, CALL (RLIN) (NR) BT882
Local cutter number (OCLC) ; Book number/undivided call number, CALL (RLIN) K96d
100 1# - MAIN ENTRY--PERSONAL NAME
Personal name Kum, Byung Dal
245 10 - TITLE STATEMENT
Title "The day of the Lord" and related motifs as a motivation for Pauline paraenesis /
Statement of responsibility, etc Byung Dal Kum.
260 ## - PUBLICATION, DISTRIBUTION, ETC. (IMPRINT)
Place of publication, distribution, etc Phlippines :
Name of publisher, distributor, etc AGST,
Date of publication, distribution, etc c1989.
300 ## - PHYSICAL DESCRIPTION
Extent 136 p.
500 ## - GENERAL NOTE
General note Thesis (M.Th.)--Asia Graduate School of Theology, 1989
650 #4 - SUBJECT ADDED ENTRY--TOPICAL TERM
Topical term or geographic name as entry element Bible. N.T.
General subdivision pauline Epistles
-- Criticism, interpretation, etc.
650 #4 - SUBJECT ADDED ENTRY--TOPICAL TERM
Topical term or geographic name as entry element Bible. O.T.
General subdivision Prophecies.
650 #4 - SUBJECT ADDED ENTRY--TOPICAL TERM
Topical term or geographic name as entry element Judgment day.
650 #4 - SUBJECT ADDED ENTRY--TOPICAL TERM
Topical term or geographic name as entry element Second Advent.
951 ## - EQUIVALENCE OR CROSS-REFERENCE-GEOGRAPHIC NAME/AREA NAME [OBSOLETE] [CAN/MARC only]
General subdivision 00028573
951 ## - EQUIVALENCE OR CROSS-REFERENCE-GEOGRAPHIC NAME/AREA NAME [OBSOLETE] [CAN/MARC only]
-- 26945
-- BT882/K96d
-- 070613111353828
-- 2000-12-21
-- THE
Holdings
Withdrawn status Lost status Damaged status Not for loan Home library Current library Shelving location Date acquired Accession number Shelving control number Total Checkouts Full call number Barcode Date last seen Price effective from Koha item type
        BSOP Library BSOP Library Thesis 12/21/2000 26945 127   BT882/K96d 00028573 02/23/2013 02/23/2013 Books
BSOP

Biblical Seminary of the Philippines
  All rights Reserved
  © 2024

CONTACT INFORMATION

Biblical Seminary of the Philippines,
  77-B Karuhatan Road, Valenzuela City,
  PHILIPPINES 1441
  Phone: +632 8292-6795 / 8292-6798
  Fax : +632 8292-6675
  Email: library@bsop.edu.ph